Vyzvanie do tanca - baletná premiéra v Košiciach

Bibliographic Details
Main Author: TomRom (Author)
Format: Article
Language:Slovak
PhysicalDescription:Obr. 1.
Subjects:

MARC

LEADER 00000nab a2200000 a 4500
001 vtls000062360
003 SK-MaSNL
005 20260304073429.0
008 250422c1980 xo 0 slo
015 |a SNBRB19rr/mm-uuuuu 
035 |a CL0072460 
035 |a urn:nbn:sk:snk-ab1u4t 
035 |a (urnnbn)urn:nbn:sk:snk:ar-a00ym5 
035 |a (uuid)316051e7-0e31-4ee9-8321-63b918230c68 
040 |a SNKBUCL  |b slo  |c SNKBUCL  |e AACR2 
041 0 |a slo 
044 |a xo  |c SK 
080 |a 792.8  |2 1981 
100 1 |a TomRom  |4 aut  |9 930245 
245 1 0 |a Vyzvanie do tanca - baletná premiéra v Košiciach  |c TomRom 
300 |b Obr. 1. 
610 2 7 |a Štátne divadlo Košice  |2 snkbucl  |9 120184 
650 0 7 |a balet  |2 snkbucl  |9 3337 
655 7 |a články z novín a časopisov  |2 snkbucl  |9 267496 
773 0 |t Hudobný život  |g Roč. 12, č. 13 (1980), s. 5 
850 |a Slovenská národná knižnica 
852 |a Slovenská národná knižnica 
954 |a odborná, vedecká literatúra pôvodná (slovenská)  |2 lita 
957 |a 5403 
958 |a article27 
958 |a OND 
958 |a RK 
958 |a EUIPO 
992 |a RBX 
999 |c 2771421  |d 2773351